| 000 | 00350 a2200157 4500 | ||
|---|---|---|---|
| 001 | 71462 | ||
| 020 | _a8508069251 | ||
| 040 | _cAnchieta - Colégio São Paulo | ||
| 240 | 1 | 0 |
_aRiquete da Crista _lpor |
| 245 | 1 | 0 | _aRiquete da Crista |
| 300 | _a15[1p.] | ||
| 362 | 0 | _a1998 | |
| 440 | 1 | _aÁtica | |
| 650 | 4 | _aLiteratura infanto-juvenil | |
| 942 | _cBK | ||
| 999 |
_c71462 _d71462 |
||